| 000 | 00481nam a2200169Ia 4500 | ||
|---|---|---|---|
| 008 | 230125s9999 xx 000 0 und d | ||
| 041 | _aeng | ||
| 082 |
_a657.45 _bWAN |
||
| 100 |
_aWandkar D V _9114805 |
||
| 245 |
_aCo-operative audit _bCDC&A : Government Diploma in Co-Operation & Accountancy |
||
| 260 |
_c2003 _bPragati publications _aPune |
||
| 300 | _a155p | ||
| 500 | _aCo-operative societies | ||
| 650 | _aGeneral | ||
| 700 |
_aWandkar D V _9114805 |
||
| 999 |
_c92389 _d92389 |
||